[Event "Foros Aerosvit"]
[Site "Foros"]
[Date "2007.06.27"]
[Round "9"]
[White "Onischuk, Alexander"]
[Black "Svidler, Peter"]
[Result "1/2-1/2"]
[WhiteElo "2663"]
[BlackElo "2736"]
[Annotator "Krasenkow,M"]
[PlyCount "96"]
[EventDate "2007.06.18"]
[EventType "tourn"]
[EventRounds "11"]
[EventCountry "UKR"]
[EventCategory "18"]
[SourceTitle "CBM 119"]
[Source "ChessBase"]
[SourceDate "2007.08.01"]
[SourceVersion "1"]
[SourceVersionDate "2007.08.01"]
[SourceQuality "1"]

1. d4 Nf6 2. c4 g6 3. Nc3 d5 4. Nf3 Bg7 5. Qb3 dxc4 6. Qxc4 O-O 7. e4 a6 8. Be2
b5 9. Qb3 c5 10. dxc5 Bb7 11. O-O Nxe4 12. Nxe4 Bxe4 13. Bf4 Bd5 14. Qe3 Bxb2 {
About this pawn sacrifice - see CBM109, annotations to Vorobiov-Grebionkin.}
15. Rad1 e6 16. Ne5 (16. Nd4 Bxd4 $1 17. Rxd4 Nc6 18. Rd2 Qf6 19. Rc1 (19. Bd6
$5 Rfe8 20. f4 $44 {L.Ftacnik}) 19... Rfe8 20. h3 e5 21. Bg5 Qe6 22. Bg4 f5 23.
Bd1 f4 $15 {0-1 Bareev,E-Van Wely,L/Wijk aan Zee 2003/CBM 093/[Ftacnik] (73)})
(16. Bd6 Nc6 $1 17. Bxf8 Qxf8 18. Ng5 Bf6 19. Ne4 Be7 $44 {^^,xc5} 20. Qf4 $6 (
20. Nd6 Bxd6 21. cxd6 Qxd6 22. Bf3 Ne7 $15) (20. Rd2 $5) 20... e5 21. Qe3 Nd4
$17 {[%csl Gd4] 1-0 Vorobiov,E-Grebionkin,V/Kazan 2005/CBM 109/[Krasenkow] (35)
}) (16. Ng5 $5 Bg7 17. Bg4 Qf6 18. Bd6 Nc6 19. Bxf8 Bxf8 20. Ne4 Qe5 (20...
Bxe4 $5 21. Qxe4 Rc8 $44 {V.Cmylite}) 21. Bf3 Rd8 22. Rfe1 Kg7 23. h4 h6 24. h5
g5 25. Nd6 $1 $16 {1-0 Cmilyte,V-Karjakin,S/Wijk aan Zee 2003/CBM 093 (39)})
16... Bxe5 $1 $146 {[%mdl 8] Black follows the same concept as L.Van Wely
against E.Bareev (see above). The position is now less favorable for him but
White can't exploit that.} (16... Nd7 17. Nd3 (17. Nxd7 Qxd7 18. Bf3 {was
probably Black's concern.}) 17... Bg7 18. Nb4 Nf6 19. Be5 Ne8 {1/2-1/2 Babula,
V-Svidler,P/Germany 2002/CBM 093}) 17. Bxe5 Nc6 18. Bd6 Re8 19. a3 Qf6 20. Rfe1
h5 $5 {[%cal Yg8g7,Ye8h8,Yh5h4] Very original. Black makes use of the fact
that the white d6 bishop is cut off from the kingside.} (20... Red8 {[%cal
Yd8d7,Ya8d8] is more "traditional".}) 21. Qh6 {White tries to prevent Black's
plan, which leads to an interesting transformation.} Nd4 22. Bg4 $5 Nf5 (22...
hxg4 $2 23. Rxd4 $1) 23. Bxf5 exf5 $1 {This move ends White's attacking dreams;
on the other hand, Black is now completely unable to make use of his extra
pawn in the endgame.} 24. Qf4 g5 25. Qd2 Bc6 26. f4 gxf4 27. Qxf4 Qg6 28. Qg3
a5 29. Be5 Rad8 30. Rd6 Rxd6 31. cxd6 h4 32. Qxg6+ fxg6 33. Bc3 Rxe1+ 34. Bxe1
b4 $5 35. axb4 a4 36. Bxh4 Kf7 37. Be1 Ke6 (37... a3 38. Kf2 Ke6 39. Bc3 Kd5
40. Ke3 $11) 38. b5 Bxb5 39. Bb4 Kd5 40. Kf2 Kc4 41. Ba3 Kb3 42. Bc5 Kc4 43.
Ba3 Kb3 44. Bc5 a3 45. h4 a2 46. Bd4 Kc4 {Alas!} (46... Kc2 47. Ke3 Kb1 $2 48.
Kf4 a1=Q 49. Bxa1 Kxa1 50. Kg5 $18) 47. Ke3 Kd5 48. g3 Kxd6 1/2-1/2

[Event "Moscow Tal Memorial 10th"]
[Site "Moscow"]
[Date "2016.09.30"]
[Round "4"]
[White "Gelfand, Boris"]
[Black "Li, Chao B"]
[Result "0-1"]
[WhiteElo "2743"]
[BlackElo "2746"]
[Annotator "Krasenkow,M"]
[PlyCount "118"]
[EventDate "2016.09.26"]
[EventType "tourn"]
[EventRounds "9"]
[EventCountry "RUS"]
[EventCategory "21"]
[SourceTitle "CBM 175"]
[Source "ChessBase"]
[SourceDate "2016.11.10"]
[SourceVersion "1"]
[SourceVersionDate "2016.11.10"]
[SourceQuality "1"]

1. d4 Nf6 2. c4 g6 3. Nc3 d5 4. Nf3 Bg7 5. Qb3 dxc4 6. Qxc4 O-O 7. e4 Na6 8.
Be2 c5 9. d5 e6 10. O-O exd5 11. exd5 Nb4 12. Rd1 Nc2 $146 {[%mdl 8] Amazingly,
no one had tried this idea (and pawn sacrifice on the next move) before the
present game!} (12... b6 {is a usual continuation, however, White keeps some
edge in that case. Black's b4-knight is usually ousted back to a6. The most
recent examples date back to 2005-06, e.g.} 13. Bg5 h6 (13... Ba6 $6 14. Qh4)
14. Bxf6 Qxf6 (14... Bxf6 15. Qb3 Re8 16. Rd2 Bg4 17. Rad1 a5 18. h3 a4 19. Qc4
Bd7 20. a3 Na6 21. d6 $16 {1/2 (65) Gyimesi,Z (2595)-Iordachescu,V (2609)
Baile Tusnad 2005}) 15. Rd2 Rd8 16. a3 Ba6 17. Qb3 Bxe2 18. Rxe2 Na6 19. Rd1
Nc7 20. h3 Ne8 21. Ne5 Nd6 22. Nc6 Rd7 23. Rde1 $14 {0-1 (55) Ikic,A (2142)
-Stankovic,D (2334) Vrnjacka Banja 2006}) 13. Rb1 Nd4 $8 14. Nxd4 cxd4 15. Rxd4
Bf5 16. Ra1 Ne8 17. Bf4 {This exchange sacrifice is hardly good. Black has a
comfortable way to decline it.} (17. Rd1 {is principled. The position after}
Bc2 $1 {(preventing Qc4-b3)} 18. Re1 ({or} 18. Rd2) 18... Nd6 {will be a
subject of future debates. My impression is that it should not be quite
satisfactory for Black.}) 17... Nd6 18. Qc5 $6 (18. Bxd6 $142 Qxd6 19. Qb4 Rad8
20. Qxd6 Rxd6 21. Rb4 Re8 22. Bf3 b6 {, and Black's bishop pair compensate for
his material deficit.}) 18... Re8 ({Of course,} 18... Bxd4 19. Qxd4 $44 {
is hardly good for Black: his king becomes too weak.}) (18... b6 $5 19. Qb4 a5
20. Qxd6 Bxd4 {, winning the rook for a knight, makes more sense. After} 21.
Rd1 {White's compensation should be enough to keep things level but hardly
more.}) 19. Bb5 $2 {After this move the position simplifies, and White loses
the exchange without sufficient compensation.} (19. Rad1 $5 {leads to unclear
complications after} Bf8 $1 $13 {A possible line:} 20. Bd3 Rc8 21. Qxa7 Ra8 22.
Qc5 Rc8 {, and now, instead of repeating moves, White can try} 23. Qa3 $5 Nb5
$140 24. Qxf8+ Rxf8 25. Bxb5 $44) (19. Rdd1 {is simpler but Black equalises by
means of} Ne4 $1 20. Nxe4 Rxe4 21. Bc7 (21. Be3 Bxb2) 21... Rc8 $1 {, e.g.} 22.
Bxd8 Rxc5 23. Bf3 Re8 24. Bg5 Bxb2 25. Re1 Rcc8 26. Rxe8+ Rxe8 27. Rd1 $11)
19... Nxb5 20. Nxb5 Rc8 $5 21. Qxa7 Ra8 22. Qc5 Rxa2 $1 23. Rad1 (23. Rdd1 $2
Rxa1 24. Rxa1 Qa5 $1 25. Rf1 Bd3 $19) (23. Rf1 $142 $1 Qa5 $1 {[%cal Rg7d4]}
24. b4 $1 Bxd4 25. Nxd4 Qxc5 26. bxc5 {although Black is clearly better after}
Ra4 $1 27. Be3 Re5 $17) 23... Bxd4 24. Qxd4 (24. Nxd4 Ra5 $19) 24... Re4 25.
Qd2 Qb6 $1 26. Nc3 Rxb2 27. Nxe4 Rxd2 28. Nxd2 Qd4 29. Be3 Qxd5 {This position
is still technically difficult but, combining the advance of his passed pawn
with kingside threats, Black gradually converts his advantage.} 30. Rc1 b5 31.
Rc5 Qd7 32. h3 b4 33. Rc4 Qd6 34. g4 Be6 35. Rd4 Qf8 36. Ne4 b3 37. Rd2 f5 38.
Nc5 Qb8 39. Nxe6 b2 40. Rxb2 Qxb2 41. g5 Qb1+ 42. Kh2 Qe4 43. Nf4 Qf3 44. Ng2
Kf7 45. Nh4 Qd1 46. Bf4 Ke6 47. Kg3 Kd5 48. Nf3 Ke4 49. Nd2+ Kd3 50. Kg2 Ke2
51. Be3 Qa4 52. Kg3 Qb4 53. Bf4 Qc5 54. Be3 Qd6+ 55. Bf4 Qd4 56. Be3 f4+ 57.
Bxf4 Qxf2+ 58. Kg4 Qg1+ 59. Kh4 Qg2 0-1

[Event "Foros Aerosvit 3rd"]
[Site "Foros"]
[Date "2008.06.12"]
[Round "5"]
[White "Onischuk, Alexander"]
[Black "Svidler, Peter"]
[Result "0-1"]
[WhiteElo "2664"]
[BlackElo "2746"]
[Annotator "Krasenkow,M"]
[PlyCount "80"]
[EventDate "2008.06.08"]
[EventType "tourn"]
[EventRounds "11"]
[EventCountry "UKR"]
[EventCategory "19"]
[SourceTitle "CBM 125"]
[Source "ChessBase"]
[SourceDate "2008.07.30"]
[SourceVersion "1"]
[SourceVersionDate "2008.07.30"]
[SourceQuality "1"]

1. d4 Nf6 2. c4 g6 3. Nc3 d5 4. Nf3 Bg7 5. Qb3 dxc4 6. Qxc4 O-O 7. e4 a6 8. Be2
b5 9. Qb3 c5 10. dxc5 Be6 11. Qc2 Nbd7 $5 {This rare move may attain
popularity after this game.} (11... Qc7 {and}) (11... Nc6 {are main lines.})
12. Be3 {There has been only one game with 11...Nbd7:} (12. c6 Nb6 13. Bf4 (13.
Be3 $5) (13. Bg5 $5) 13... Nh5 14. c7 $6 Qc8 15. Qd2 Nxf4 16. Qxf4 Ra7 17. O-O
Rxc7 $15 {1/2-1/2 Daroczy,S-Bernath,R/Heves 2000/EXT 2004 (25)}) 12... Rc8 13.
Rd1 (13. c6 $5 Rxc6 14. Nd4 {obtaining a bishop pair}) 13... b4 14. Na4 Qa5 15.
O-O Nxe4 (15... Ng4 16. Bd4 Bxd4 17. Nxd4 Nxc5 18. Nxc5 Rxc5 19. Qd2 Rd8 20.
Qf4 $14) 16. c6 (16. Qxe4 $5 Qxa4 17. b3 $1 Qxa2 (17... Qa5 18. Ng5 Nxc5 19.
Qh4 $44) 18. Bc4 Nf6 19. Qh4 Bxc4 20. Qxc4 $44) 16... Nd6 17. b3 Bd5 $2 {
An obvious but poor move allowing an unpleasant exchange sacrifice.} (17... Rc7
$142 $1 {[%cal Yf8c8]} 18. Nd4 Bxd4 19. Bxd4 Bf5 20. Qc1 Be4 $13) 18. Rxd5 $1
Qxd5 19. Rc1 {[%cal Re2a6]} Nb8 (19... Qa5 20. Bc4 (20. Qd3 $5) 20... Rxc6 (
20... Nb8 21. Bb6 {[%cal Yc6c7]}) 21. Bxf7+ $16) 20. c7 Nd7 21. Bxa6 Ra8 22.
Qd3 $2 {White loses the thread in this complicated position.} (22. Rd1 Qxd1+
23. Qxd1 Rxa6 $14) (22. Qc6 $142 $1 Nf6 23. Bf4 Qxc6 24. Rxc6 {[%cal Rf4d6]}
Rxa6 25. Rxa6 Nd5 26. Bxd6 exd6 27. Rxd6 Nxc7 $16) 22... Qxd3 23. Bxd3 Rfc8 {
It turns out that the powerful c7-pawn now becomes weak.} 24. Nd4 $2 {This
move passes the advantage to Black, due to tactical circumstances.} (24. Kf1
Bc3 (24... Ne8 $2 25. Bb5) 25. a3 Rxc7 26. axb4 Rac8 27. Ba6 Ra8 28. Bd3 $11)
24... Bxd4 25. Bxd4 Ne8 $1 26. Nb6 (26. Bb5 Rxc7 $1 27. Rxc7 Nxc7 28. Bxd7 Rd8
{that's why 24.Nd4 was bad!} 29. Nc5 (29. Nb6 Na8) 29... Na6 $1 (29... Ne6 30.
Bxe6 fxe6 31. Nxe6 Rd6 32. Kf1 Rxe6 33. Bc5 $11) 30. Bb5 Nxc5 31. Bxc5 Rd5 32.
Bxb4 Rxb5 33. Bxe7 Re5 34. Bb4 Re2 35. a4 Rb2 $19) 26... Nxb6 27. Bxb6 Rxa2 28.
g3 (28. Bb5 Nxc7 $1 29. Rxc7 (29. Bxc7 $2 Ra7) (29. Bd7 $2 Rd8) (29. Bf1 Ra3 $1
30. Bxc7 e5 $1) 29... Rxc7 30. Bxc7 Ra1+ 31. Bf1 Rb1 $17) 28... Nd6 29. Rd1 Kf8
30. Bf1 Rc2 31. Rd4 Ra8 (31... Rc6 $1 {was probably more accurate, e.g.} 32.
Ba5 (32. Rxb4 Ra8 {- game}) 32... Ra8 33. Bxb4 Rxc7 34. Bxd6 exd6 35. Rxd6 Rc2
$17) 32. Rxb4 (32. Bc4 $142 $1 Re8 33. Bd3 Rc3 34. Ba5 Rxb3 35. Bxb4 Rc8 36.
Ba5 Rb7 37. Kg2 Rbxc7 38. Bxc7 Rxc7 $17) 32... Rc6 {[%cal Rd6c8]} 33. Bh3 f5
34. g4 Ra6 (34... Ra1+ $142 35. Kg2 e5 $19) 35. Bd4 Rxc7 36. gxf5 $2 (36. Rb8+
$142 Kf7 37. Rh8 $17 {was the last opportunity to put up resistance.}) 36...
Nxf5 $19 37. Bf1 Rc1 38. Bb2 Rb1 39. Be5 Ra5 40. Bh8 $6 Ng7 {[%cal Ra5a1,Ra5g5]
} 0-1

[Event "Olympiad-39"]
[Site "Khanty-Mansiysk"]
[Date "2010.09.29"]
[Round "8.1"]
[White "Kramnik, Vladimir"]
[Black "Ivanchuk, Vassily"]
[Result "1/2-1/2"]
[WhiteElo "2780"]
[BlackElo "2754"]
[Annotator "Krasenkow,M"]
[PlyCount "70"]
[EventDate "2010.09.21"]
[EventType "team-swiss"]
[EventRounds "11"]
[EventCountry "RUS"]
[SourceTitle "CBM 139"]
[Source "ChessBase"]
[SourceDate "2010.11.18"]
[SourceVersion "1"]
[SourceVersionDate "2010.11.18"]
[SourceQuality "1"]
[WhiteTeam "Russia"]
[BlackTeam "Ukraine"]
[WhiteTeamCountry "RUS"]
[BlackTeamCountry "UKR"]

1. d4 Nf6 2. c4 g6 3. Nc3 d5 4. Nf3 Bg7 5. Qb3 dxc4 6. Qxc4 O-O 7. e4 Na6 8.
Be2 c5 9. d5 e6 10. O-O exd5 11. exd5 Re8 12. Bf4 Bf5 13. Rad1 Ne4 14. Nb5 Bd7
$5 $146 {[%mdl 8] A new move in a well-known position!} (14... Qf6 {is usually
played, with good results for Black:} 15. Bd3 (15. d6 Bd7 16. g3 g5 17. Be3 h6
18. Nc7 Nxc7 19. dxc7 Bc6 20. Nd2 Rac8 21. Nxe4 Rxe4 22. Qxc5 Rxc7 23. Rd6 b6
24. Rxf6 bxc5 25. Rxc6 Rxc6 26. Bf3 Rxe3 {1/2 Beliavsky,A (2630)-Kasparov,G 
(2735)/Moscow 1987/CBM 004}) 15... Rad8 (15... Nb4 $6 16. Nc7 (16. Bb1 $5 Bg4
17. Be5 Rxe5 18. Bxe4 Rh5 $2 (18... Ree8 19. Nc7 b5 $1 $13) 19. a3 Na6 20. d6
Be6 21. Qc2 Rb8 22. Rfe1 c4 23. Nbd4 Bd7 24. Qxc4 $16 {1-0 Udvari,N-Traczewski,
W/LSS 2007/Telechess CBM 125 (42)}) 16... Nxd3 17. Nxe8 Rxe8 18. Qxd3 Qxb2 19.
Rde1 Qb4 20. Nd2 Qa4 21. Qc4 Qxc4 22. Nxc4 Bc3 23. Nd2 Bxd2 24. Bxd2 Bd7 25.
Bf4 Bb5 26. f3 g5 27. Bxg5 Bxf1 28. Kxf1 Nd6 29. Be7 Nc8 30. Bxc5 $18 {1-0
Karpov,A (2705)-Kasparov,G (2740)/London/Leningrad 1986/MainBase (40)}) (15...
Bd7 16. Be5 Bxb5 17. Qxb5 Rxe5 18. Nxe5 Nd6 19. Ng4 Qf4 20. Qd7 c4 21. g3 (21.
Be2 Nc5 22. Qc7 Rc8 23. Qa5 Bxb2 24. Qxa7 h5 25. Qb6 Na4 26. Qe3 Qxe3 27. Nxe3
b5 $44 {1-0 Kriksciunas,B (2106)-Heupel,H (1508)/Chessfriend.com 2005/
Telechess CBM 113 (30)}) 21... Nc5 22. Qc7 Qxg4 23. Qxc5 Qd7 24. Be2 Bxb2 25.
Qb4 c3 $44 {1/2 Ivanchuk,V (2535)-Dorfman,J (2520)/Lvov 1988/CBM 007 (38)}) (
15... Bg4 16. Be5 Rxe5 17. Nxe5 Bxd1 18. Bxe4 Be2 19. Qxe2 Qxe5 20. d6 Rd8 21.
Rd1 Nb4 22. d7 Nc6 $132 {1/2 Van der Sterren,P (2500)-Fette,M (2385)/Groningen
1989/EXT 1998 (35)}) (15... Qxb2 $5 {An.Karpov}) 16. Rde1 Qxb2 17. Re2 (17. Nc7
Nxc7 18. Bxc7 Nd2 19. Rxe8+ Rxe8 20. Nxd2 Qxd2 21. Bxf5 gxf5 $17 {0-1 Janjgava,
L-Kasparov,G (2745)/Baku 1987/EXT 2008 (32)}) 17... Qb4 18. a3 Qxc4 19. Bxc4
Bd7 20. Rb1 Nf6 21. Rxe8+ {1/2 Lara Ruiz,J-Riccio,E (2324)/ICCF Email 2002/
ICCF Telechess CBM 102}) ({The other options for Black:} 14... Bxb2 15. d6 $1
$44 Bd7 16. Qb3 Qf6 17. Be3 $14 {1-0 Goloshchapov,A (2446)-Khaetsky,R (2294)/
Alushta 1999/EXT 2001 (28)}) (14... g5 15. Nxg5 $1 Nxg5 16. Nd6 Qf6 17. Nxe8
Rxe8 18. Qb5 Re7 (18... Rd8 $5 19. Bxg5 Qxg5 20. Qxb7 Nb4) 19. d6 Rd7 20. Bxg5
Qxg5 21. Bf3 Be5 22. Bxb7 Nb4 23. Bc8 Rd8 24. Bxf5 Qxf5 25. d7 $16 {1-0
Gavrileteanu,L (1827)-Gallo,L (2009)/IECG 2003/Telechess 117 (51)}) 15. Bd3
Bxb5 {Just that simple!} 16. Qxb5 Nd6 17. Qb3 (17. Bxd6 $6 Qxd6 18. Qxb7 Nb4
19. Qb5 (19. Ng5 Qf6) 19... Reb8 20. Qa4 Nxd3 21. Rxd3 Rxb2 $15) 17... c4 $5 {
[%mdl 512] A clever pawn sacrifice to activate the knight.} 18. Bxc4 Nc5 19.
Qc2 Rc8 20. Bd3 ({After} 20. Bxd6 Qxd6 {[%cal Ya7a6,Yb7b5] Black has a good
compensation for the pawn as White's minor pieces (especially bishop) are
extremely passive.}) 20... Nxd3 21. Qxd3 Bxb2 22. Rb1 Bf6 23. Bxd6 Qxd6 24.
Rxb7 Red8 25. Rxa7 Qxd5 26. Qxd5 Rxd5 {In the resulting ending White has no
chance of converting his extra pawn as his knight is much worse than the black
bishop.} 27. Re1 Rc2 28. g3 g5 29. h3 h5 30. Kg2 Kg7 31. Ra6 Rf5 32. Re4 Rb5
33. Ne1 Rd2 34. Nf3 Rc2 35. Ne1 Rd2 1/2-1/2

[Event "Pamplona"]
[Site "Pamplona"]
[Date "2000.01.02"]
[Round "6"]
[White "Lautier, Joel"]
[Black "De la Villa Garcia, Jesus Maria"]
[Result "1-0"]
[WhiteElo "2653"]
[BlackElo "2473"]
[Annotator "Lautier,J"]
[PlyCount "63"]
[EventDate "1999.12.27"]
[EventType "tourn"]
[EventRounds "9"]
[EventCountry "ESP"]
[EventCategory "15"]
[SourceTitle "CBM 075"]
[Source "ChessBase"]
[SourceDate "2000.04.05"]
[SourceVersion "1"]
[SourceVersionDate "2000.04.05"]
[SourceQuality "1"]

1. d4 Nf6 2. Nf3 g6 3. c4 Bg7 4. Nc3 d5 5. Qb3 dxc4 6. Qxc4 O-O 7. e4 Nc6 8.
Be2 Nd7 9. d5 Nce5 10. Nxe5 (10. Qb3 Nxf3+ 11. Bxf3 (11. gxf3 c6) 11... c6 $5)
10... Bxe5 $6 {/\ Nb6, e6} (10... Nxe5 $142) 11. Bg5 (11. Bh6 $142 $1 Re8 12.
f4 Nb6 (12... e6 13. fxe5 (13. Bg5 Bf6 14. h4 $6 Nb6 $15) 13... Qh4+ 14. g3
Qxh6 15. Qxc7 Qe3 16. Rf1 $16 (16. dxe6 Rxe6 17. Rd1 Nxe5 18. Rd8+ Kg7 $40))
13. Qb3 (13. Qd3 Bh8 14. O-O-O e6 15. dxe6 Bxe6 16. Qg3 Qe7 $13) 13... Bh8 14.
O-O-O $36 {/\ h4-h5, f5}) 11... Nb6 12. Qc5 f6 13. Bh6 Rf7 14. f4 (14. O-O-O
$142 $1 Bd6 (14... Qd6 $6 15. Qe3 f5 (15... g5 16. g3 Bxc3 17. Qxc3 f5 18. Bxg5
fxe4 19. Bf4 Nxd5 20. Qc4 (20. Rxd5 $2 Qxd5 21. Rd1 Qc6 22. Rd8+ Rf8 $17) 20...
Nxf4 21. Rxd6 Nxe2+ 22. Qxe2 cxd6 23. Qxe4 $16) 16. f4 Bxc3 17. Qxc3 fxe4 18.
h4 Rf6 (18... Nxd5 $4 19. Rxd5 Qxd5 20. Bc4 $18) (18... Bd7 19. h5 $16 {
/\ hg6, <->h}) 19. h5 $1 (19. Bg5 Rf5 20. h5 Nxd5 21. Bc4 c6 22. g4 Rf7 23.
hxg6 Qxg6 $13) 19... gxh5 20. Bg5 Bg4 (20... Rf5 21. Rxh5 Nxd5 22. Rxd5 $1 Rxd5
23. Bh6 e5 24. Bc4 $18) (20... Rxf4 21. Bxf4 Qxf4+ 22. Kb1 $16) 21. Bxg4 hxg4
22. Bxf6 Qxf4+ 23. Kb1 exf6 24. Rdf1 $1 (24. Rhf1 Qe5 25. Rxf6 Qxc3 26. bxc3
Rd8 $11) 24... Qe5 25. Qxe5 fxe5 26. Rh4 e3 27. Rxg4+ Kh8 28. Rf7 Nxd5 29. Rh4
e2 30. Re4 $16) 15. Qe3 e6 (15... e5 16. dxe6 {->> 15...e6 16.de6}) 16. dxe6
Bxe6 17. f4 {/\ e5} Rd7 (17... Qe8 $6 18. h4 (18. f5 Bc4 (18... gxf5 19. Bh5
$16) 19. fxg6 hxg6 20. h4 Bxe2 21. Qxe2 Rh7 22. Be3 Be5 $11) 18... Nc4 (18...
Na4 $2 19. Bb5 $1 Bd7 20. Bc4 Nxc3 21. Bxf7+ Qxf7 22. Qxc3 Qxa2 23. Qxf6 Qa1+
24. Kd2 Qa5+ 25. Ke3 Qb6+ 26. Kf3 Qb3+ 27. Qc3 $18) (18... Bf8 19. Bxf8 Qxf8
20. h5 $16) 19. Bxc4 Bxc4 20. h5 $16) 18. h4 (18. f5 Bc4 $13 (18... gxf5 19.
exf5 Bxf5 20. Rhf1 $40)) 18... Bf8 19. Rxd7 Nxd7 20. Bxf8 Qxf8 21. h5 $36)
14... Bd6 15. Qf2 (15. Qe3 e6 16. dxe6 Bxe6 17. O-O-O {->> 14.0-0-0 Bd6 15.Qe3
e6 16.de6 Be6 17.f4}) 15... e6 16. dxe6 Bxe6 17. O-O (17. f5 $6 Bc4 {/\ Be5}) (
17. O-O-O $5 Rd7 (17... Qe8 $5 18. h4 Bb4) 18. f5 (18. h4 Bb4 $1 $132) 18...
Bc4 19. fxg6 hxg6 20. Bg4 Rh7 21. Be3 Qe7 22. h4 $14) 17... Bc4 $1 (17... Bf8
18. Rad1 Qe7 (18... Rd7 19. Bxf8 Qxf8 20. f5 $36) 19. Bxf8 Rfxf8 20. f5 $14)
18. Rad1 Bxe2 19. Qxe2 Qe8 $1 {/\ Bf8} 20. Rd3 Rd8 (20... Bf8 21. Bxf8 Qxf8 22.
Rfd1 (22. f5 Nc4 $1 $11) (22. Rg3 Qc5+ 23. Kh1 Re8 24. f5 g5 25. h4 Qe5 $11)
22... Re8 23. Qf2 $14) 21. Rg3 Bf8 (21... Rfd7 $6 22. Kh1 Bf8 (22... Bb4 $6 23.
f5 g5 24. e5 $1 (24. h4 $6 Bd6 $1 25. Rh3 (25. hxg5 Bxg3 26. gxf6 Be5 (26...
Kh8 27. Bg7+ Kg8 28. Qg4 $11) 27. Qg4+ Kh8 28. Bg7+ Kg8 29. Bh6+ $11) 25...
gxh4 26. Rxh4 Be5 $11) 24... Bxc3 25. bxc3 Rd2 26. Qe3 $16 (26. Qg4 $2 Qxe5 27.
Bxg5 fxg5 28. Qxg5+ Kh8 $19) 26... Rd1 $2 27. Rxg5+ fxg5 28. Qxg5+ Qg6 29.
Qxd8+ Rxd8 30. fxg6 hxg6 31. e6 $18) 23. Bxf8 Qxf8 24. f5 g5 (24... Rd2 25. Qh5
$36) 25. e5 $36) 22. Bxf8 Qxf8 23. f5 Rg7 $6 (23... g5 24. e5 (24. h4 Qc5+ 25.
Kh2 Qe5 (25... h6 $2 26. Qh5 $40) 26. hxg5 fxg5 27. Qh5 h6 $11) 24... Qc5+ 25.
Rf2 Qxe5 26. Rxg5+ Kh8 27. Qxe5 fxe5 28. f6 $14) (23... Qc5+ $142 24. Kh1 g5
25. e5 Qxe5 26. Rxg5+ Kh8 27. Qxe5 fxe5 28. f6 Nc4 29. Ne4 $13) 24. Kh1 gxf5 $6
(24... g5 $6 25. e5 $36) (24... Qe7 $142 25. fxg6 Rxg6 $14) 25. Rxg7+ (25. Rgf3
$5 fxe4 26. Nxe4 (26. Rxf6 Qe7 27. Nxe4 Nd5 28. R6f5 Kh8 29. Qf3 c6 $14) 26...
Re7 27. Rxf6 Qg7 28. Qf3 $36) 25... Qxg7 26. Rxf5 $36 {>< f6, >< Kh8} c6 27. h3
Nd7 28. Qf2 $1 $16 {>< a7, >< f6, /\ Ne2-g3-h5} a6 29. Ne2 Kh8 (29... Re8 30.
Ng3 Re6 31. Rf4 Kh8 32. Nf5 Qf8 33. Rg4 Ne5 34. Rg7 $16) 30. Ng3 Re8 $2 $138 (
30... Qe7 $1 31. Qf4 Rg8 $16 {/\ Rg6}) 31. Nh5 $18 Qe7 32. Nxf6 (32. Nxf6 Nxf6
33. Rxf6 Qxe4 34. Rf8+ $18) 1-0

[Event "CRO-ch 12th"]
[Site "Opatija"]
[Date "2012.01.21"]
[Round "5"]
[White "Kuljasevic, Davorin"]
[Black "Brkic, Ante"]
[Result "1-0"]
[WhiteElo "2569"]
[BlackElo "2578"]
[Annotator "Let's Check"]
[PlyCount "69"]
[EventDate "2012.01.17"]
[EventType "tourn"]
[EventRounds "11"]
[EventCountry "CRO"]
[EventCategory "13"]
[SourceTitle "CBM 147"]
[Source "ChessBase"]
[SourceDate "2012.03.16"]
[SourceVersion "1"]
[SourceVersionDate "2012.03.16"]
[SourceQuality "1"]

1. d4 Nf6 2. c4 g6 3. Nc3 d5 4. Nf3 Bg7 5. Qb3 dxc4 6. Qxc4 O-O 7. e4 a6 8. Qa4
Nbd7 9. Qa3 c5 10. dxc5 Qc7 11. Be3 Ng4 12. Bg5 f6 13. Bd2 Qxc5 14. Qxc5 Nxc5
15. h3 Nh6 16. Be3 b6 17. Nd5 Nxe4 18. Nxb6 Rb8 19. Nxc8 Rfxc8 20. Bxa6 Rc6 21.
Bd3 f5 22. O-O Nf7 23. a4 Bxb2 24. Bb5 Rc2 25. Nd4 Bxd4 26. Bxd4 e5 27. Bd3 Rd2
28. Bxe4 exd4 29. Bf3 Nd6 $6 (29... Rc2 30. a5 $16) 30. Bd5+ $6 (30. a5 Ne4 31.
a6 $18) 30... Kg7 $2 (30... Kf8 31. a5 Nc8 $16) 31. a5 $18 Nc8 32. a6 Na7 33.
Rfc1 Kf6 34. Rc7 Nb5 35. Rb7 1-0